Lean Managment in a Higher Education Institution: Reserves of Resource Saving and Labor Productivity Increase

Štíhle výrobné metódy a nástroje sú čoraz populárnejšie v mnohých odvetviach hospodárstva na celom svete. Jednoduché a zrozumiteľné nástroje Lean umožňujú identifikovať a znižovať plytvanie, optimalizovať procesy a zvyšovať produktivitu práce. Inštitúcie vyššieho vzdelávania tiež začínajú implemento...

Descripción completa

Guardado en:
Detalles Bibliográficos
Autor principal: Spiridonova V., Ekaterina
Otros Autores: Ruzaeva V., Irina, Bosák, Martin, 1967-
Formato: Capítulo de libro
Lenguaje:inglés
Materias:
Etiquetas: Agregar Etiqueta
Sin Etiquetas, Sea el primero en etiquetar este registro!

MARC

LEADER 00000naa$a2200000$$$4500
001 0280806
005 20240502083858.1
041 0 |a eng 
044 |a FR 
245 1 0 |a Lean Managment in a Higher Education Institution: Reserves of Resource Saving and Labor Productivity Increase  |c Ekaterina Spiridonova V., Irina Ruzaeva V., Martin Bosák 
520 |a Štíhle výrobné metódy a nástroje sú čoraz populárnejšie v mnohých odvetviach hospodárstva na celom svete. Jednoduché a zrozumiteľné nástroje Lean umožňujú identifikovať a znižovať plytvanie, optimalizovať procesy a zvyšovať produktivitu práce. Inštitúcie vyššieho vzdelávania tiež začínajú implementovať Lean postupy na zlepšenie svojich procesov. Lean metódy často dopĺňajú informačné a komunikačné technológie Industry 4.0, a spolu poskytujú synergický efekt. Firemná kultúra vysokej školy je obmedzujúcim faktorom pri implementácii Lean výroby. 
610 2 0 |a produktivita práce 
610 2 0 |a školy vysoké 
610 2 0 |a manažment štíhly 
610 2 0 |a optimalizácia 
100 1 |a Spiridonova V., Ekaterina 
700 1 |a Ruzaeva V., Irina 
700 1 |a Bosák, Martin, 1967-